A British Childhood? Some Historical Reflections on Continuities and Discontinuities in the Culture of Anglophone Childhood (Record no. 17444)
[ view plain ]
| 000 -LEADER | |
|---|---|
| fixed length control field | 00899nam a2200121Ia 4500 |
| 008 - FIXED-LENGTH DATA ELEMENTS--GENERAL INFORMATION | |
| fixed length control field | 220615s9999||||xx |||||||||||||| ||und|| |
| 100 ## - MAIN ENTRY--PERSONAL NAME | |
| Personal name | Jarvis, Pam |
| 245 #2 - TITLE STATEMENT | |
| Title | A British Childhood? Some Historical Reflections on Continuities and Discontinuities in the Culture of Anglophone Childhood |
| 546 ## - LANGUAGE NOTE | |
| Language note | English[eng] |
| 650 ## - SUBJECT ADDED ENTRY--TOPICAL TERM | |
| Topical term or geographic name entry element | play||institutionalisation||social reproduction||media||human evolution||children||purposes of nursery schooling||early-years education history||school readiness||poverty||early childhood education||abandonment||colonialism||racism||schooling for parental responsibility||childhood||early-years education||apartheid||foundling hospital||Africa||narrative||under-fives in elementary schools||urban Lancashire demographic sample 1901||storying||mythology||open-air nursery||maternal duties||Susan Isaacs |
| 856 ## - ELECTRONIC LOCATION AND ACCESS | |
| Uniform Resource Identifier | <a href="https://mdpi.com/books/pdfview/book/1895">https://mdpi.com/books/pdfview/book/1895</a> |
| 942 ## - ADDED ENTRY ELEMENTS (KOHA) | |
| Koha item type | E-Books |
| Withdrawn status | Lost status | Damaged status | Not for loan | Home library | Current library | Date acquired | Total Checkouts | Date last seen | Price effective from | Koha item type |
|---|---|---|---|---|---|---|---|---|---|---|
| Kerala University of Digital Sciences, Innovation and Technology Knowledge Centre | Kerala University of Digital Sciences, Innovation and Technology Knowledge Centre | 15/06/2022 | 15/06/2022 | 15/06/2022 | E-Books |